| 000 | 00665nam a2200265 4500 | ||
|---|---|---|---|
| 001 | 20836 | ||
| 003 | BD-RjUL | ||
| 005 | 20211209000622.0 | ||
| 008 | 140302s1969 enk 000 1 eng d | ||
| 020 | _a0571090974 | ||
| 035 | _a(BD-RjUL)20898 | ||
| 040 |
_aDLC _cDLC _dDLC _dBD-RjUL _beng |
||
| 041 | _aeng | ||
| 082 | 0 | 0 |
_a822.914 _bBEF 1969 |
| 100 | 1 |
_aBennett, Alan, _d1934- _964357 |
|
| 245 | 1 | 0 |
_aForty years on / _c Alan, Bennett |
| 260 |
_aLondon : _bFaber, _c1969. |
||
| 300 |
_a78 p. ; _c21 cm. |
||
| 350 | _a22/- | ||
| 500 | _aPlay. | ||
| 650 | 0 |
_a English drama. _964358 |
|
| 942 |
_2ddc _cBK |
||
| 999 |
_c20836 _d20836 |
||